Living in love : (Record no. 143167)

MARC details
000 -LEADER
fixed length control field 00596nam a22001817a 4500
005 - DATE AND TIME OF LATEST TRANSACTION
control field 20170808162325.0
010 ## - LCCN (DPL NO)
LC control number ENG-119068
020 ## - INTERNATIONAL STANDARD BOOK NUMBER
Terms of availability 175.00
International Standard Book Number 9788184654523
035 ## - SYSTEM CONTROL NUMBER
System control number EN-102600
037 ## - SOURCE OF ACQUISITION
Source of stock number/acquisition DBAD/PUB
082 ## - DEWEY DECIMAL CLASSIFICATION NUMBER
Classification number 280.64
100 ## - MAIN ENTRY--PERSONAL NAME
Personal name Redferan,Alastair
245 ## - TITLE STATEMENT
Title Living in love :
Statement of responsibility, etc by Alastair Redferan
Remainder of title mysticism in a material world/
260 ## - PUBLICATION, DISTRIBUTION, ETC. (IMPRINT)
Place of publication, distribution, etc Delhi
Name of publisher, distributor, etc The Indian Society for Promoting Christian Knowlewdge(ISPCK))
Date of publication, distribution, etc 2014
270 ## - ADDRESS
Address 1585,1654 Madarsa Road Kashmere Gate
City Delhi
Postal code 110006
300 ## - PHYSICAL DESCRIPTION
Extent x,144
Dimensions 22cm(pbk)
942 ## - ADDED ENTRY ELEMENTS (KOHA)
Source of classification or shelving scheme Dewey Decimal Classification
Item type English Books
Call number suffix RED
Classification part 280.64
Holdings
Withdrawn status Lost status Not for loan Collection code Home library Current library Date acquired Source of acquisition Cost, normal purchase price Full call number Barcode Copy number Cost, replacement price Koha item type
      Non-fiction Patel Nagar Patel Nagar 04/07/2017 DBAD/PUB 175.00 280.64 RED EN-102600 1 175.00 English Books

© Delhi Public Library
Hit Counter
free hit counter